Положение об отделе библиотечного маркетинга - документ, определяющий стратегию и тактику деятельности отдела, библиотеки, ЦБС; Библиотечное дело - XXI век; № 1

Détails bibliographiques
Parent link:Библиотечное дело - XXI век: приложение к журналу "Библиотековедение".— , 2002-
№ 1.— 2002.— С. 211-216
Auteur principal: Максименко Ю. И. Юрий Иванович
Langue:russe
Publié: 2002
Collection:Опыт: поиски, находки
Sujets:
Format: Chapitre de livre
KOHA link:https://koha.lib.tpu.ru/cgi-bin/koha/opac-detail.pl?biblionumber=396600

MARC

LEADER 00000naa2a2200000 4500
001 396600
005 20231101064804.0
035 |a (RuTPU)RU\TPU\prd\34906 
035 |a RU\TPU\prd\34905 
090 |a 396600 
100 |a 20050413a2002 k y0rusy50 ca 
101 0 |a rus 
102 |a RU 
200 1 |a Положение об отделе библиотечного маркетинга - документ, определяющий стратегию и тактику деятельности отдела, библиотеки, ЦБС  |f Ю. И. Максименко 
225 1 |a Опыт: поиски, находки 
461 0 |0 (RuTPU)RU\TPU\prd\7961  |t Библиотечное дело - XXI век  |o приложение к журналу "Библиотековедение"  |o научно-практический сборник  |d 2002- 
463 0 |0 (RuTPU)RU\TPU\prd\7962  |t № 1  |v С. 211-216  |d 2002 
610 1 |a положение об отделе маркетинга 
610 1 |a аналитический аспект 
610 1 |a прогностический аспект 
610 1 |a стратегия 
610 1 |a тактика 
610 1 |a деятельность 
700 1 |a Максименко  |b Ю. И.  |g Юрий Иванович 
801 1 |a RU  |b 63413507  |c 20050413  |g PSBO 
801 2 |a RU  |b 63413507  |c 20060615  |g PSBO 
942 |c BK